Harry Potter films 1-8 - Statistics

General Stats
  • This quiz has been taken 1,038 times
  • The average score is 6 of 10
Answer Stats
Hint Answer % Correct
Who kills/destroys Nagini in the 8th film? Neville Longbottom
98%
Who teaches Harry how to perform the Patronus Charm? Professor Lupin
93%
What is Tonks' first name? Nymphadora
84%
What is an anagram of 'I am Lord Voldemort'? Tom Marvolo Riddle
77%
What is Luna Lovegoods Patronus? Hare
70%
What spell does Gilderoy Lockhart try to use on Harry in the Chamber? Obliviate
69%
What is Ginny Weasley's only line in the first film? 'Good Luck'
54%
What fake name does Hermione use when her, Harry and Ron were caught by Snatchers? Penelope Clearwater
46%
What dragon does Fleur Delacour get in the first task of the Triwizard tournament? Welsh Green
38%
When Dumbledore goes to visit Slughorn at the start of the 6th film, where are the muggle family who's house Slughorn is using? Canary Islands
17%
No matching quizzes found
Score Distribution
Percent of People with Each Score
Percentile by Number Answered
Your Score History
You have not taken this quiz